| 000 | 01311nam a2200361 i 4500 | ||
|---|---|---|---|
| 003 | DO-SdBNP | ||
| 005 | 20250225115303.0 | ||
| 007 | ta | ||
| 008 | 240624s1982 sp 000 s spa d | ||
| 020 | _a8471662698 | ||
| 040 |
_aDO-SdBNP _bspa _cBNPHU _erda |
||
| 082 |
_a194 _bD445 _222 |
||
| 100 | 1 |
_aDescartes, René _d1596 -1650 _935917 _eautor |
|
| 240 | 1 | 0 |
_aDiscours de la méthode _lEspañol |
| 245 | 1 | 0 |
_aDiscurso del método / _cRené Descartes; traducción Antonio Gual Mir : prólogo Mauro Armiño |
| 260 |
_aMadrid, España : _bEDAF, _c1982. |
||
| 300 |
_a107 páginas _c18 cm. |
||
| 336 |
_2rdacontent _atexto _btxt |
||
| 337 |
_2rdamedia _asin mediación _bn |
||
| 338 |
_2rdacarrier _avolumen _bnc |
||
| 490 | 1 |
_aBiblioteca EDAF _v22 |
|
| 500 | _aIncluye títulos de la colección | ||
| 534 |
_aTítulo original : _tDiscours de la méthode pour conduir sa raison et chercher la vérité dans les sciencies |
||
| 590 | _aInventariado, 2024/ YL | ||
| 600 | 1 | 4 |
_aDescartes, René, _d1596-1650 _xCrítica e interpretación _950207 |
| 650 | 4 |
_aFilosofía francesa _947508 |
|
| 650 | 0 |
_a Ciencia - _xMetodología _93 |
|
| 650 | 4 |
_aMetafísica _919469 |
|
| 700 | 1 |
_aGual Mir, Antonio _etraducción _950208 |
|
| 700 | 1 |
_aArmiño, Mauro _eprólogo _913314 |
|
| 910 | _aYLockward | ||
| 942 |
_2ddc _cLBS1 |
||
| 999 |
_c56944 _d56944 |
||